Future of H R D (Record no. 139293)

MARC details
000 -LEADER
fixed length control field 00340nam a2200145Ia 4500
008 - FIXED-LENGTH DATA ELEMENTS--GENERAL INFORMATION
fixed length control field 230917s9999||||xx |||||||||||||| ||und||
040 ## - CATALOGING SOURCE
-- 137513
Original cataloging agency VIVEKANANDA LIBRARY
041 ## - Language
-- English
082 ## - DDC NUMBER
Classification number 658.3 R18F
100 ## - MAIN ENTRY--PERSONAL NAME
Personal name Rao, T V
245 #0 - TITLE STATEMENT
Title Future of H R D
260 ## - PUBLICATION, DISTRIBUTION, ETC. (IMPRINT)
Place of publication, distribution, etc New Delhi
Name of publisher, distributor, etc Macmillan India
Date of publication, distribution, etc 2007
300 ## - PHYSICAL DESCRIPTION
Pages v,218 p.
942 ## - ADDED ENTRY ELEMENTS (KOHA)
Koha item type Books
Holdings
Withdrawn status Lost status Damaged status Not for loan Location (home branch) Sublocation or collection (holding branch) Date acquired Koha issues (times borrowed) Koha full call number Accession No. Koha date last seen Koha item type Shelving location
        VIVEKANANDA LIBRARY VIVEKANANDA LIBRARY 19/12/2011   658.3 R18F 242474 17/09/2023 Books  
        VIVEKANANDA LIBRARY VIVEKANANDA LIBRARY 19/12/2011   658.3 R18F 242475 17/09/2023 Books  
        VIVEKANANDA LIBRARY VIVEKANANDA LIBRARY 19/12/2011   658.3 R18F 242476 17/09/2023 Books  
        VIVEKANANDA LIBRARY VIVEKANANDA LIBRARY 19/12/2011   658.3 R18F 304543 17/09/2023 Books IMSAR Library
        VIVEKANANDA LIBRARY VIVEKANANDA LIBRARY 19/12/2011   658.3 R18F 304544 17/09/2023 Books IMSAR Library
        VIVEKANANDA LIBRARY VIVEKANANDA LIBRARY 19/12/2011   658.3 R18F 304545 17/09/2023 Books IMSAR Library
        VIVEKANANDA LIBRARY VIVEKANANDA LIBRARY 19/12/2011   658.3 R18F 304546 17/09/2023 Books IMSAR Library
© Designed and Maintained by Vivekananda Library, MDU Rohtak